RICS real estate agency and brokerage standards (French translation) (Record no. 114972)
[ view plain ]
| 000 -LEADER | |
|---|---|
| fixed length control field | 01382cad a22002415a 4500 |
| 001 - CONTROL NUMBER | |
| control field | L157796 |
| 008 - FIXED-LENGTH DATA ELEMENTS--GENERAL INFORMATION | |
| fixed length control field | 130516s2011 xxk 000 0 eng u |
| 020 ## - INTERNATIONAL STANDARD BOOK NUMBER | |
| International Standard Book Number | 9781842196489 |
| 035 ## - SYSTEM CONTROL NUMBER | |
| System control number | (Sirsi) u157796 |
| 041 0# - LANGUAGE CODE | |
| Language code of text/sound track or separate title | eng |
| 110 2# - MAIN ENTRY--CORPORATE NAME | |
| Corporate name or jurisdiction name as entry element | Royal Institution of Chartered Surveyors |
| 9 (RLIN) | 4900 |
| 245 00 - TITLE STATEMENT | |
| Title | RICS real estate agency and brokerage standards (French translation) |
| Remainder of title | RICS guidance note |
| Medium | [electronic resource] |
| 260 ## - PUBLICATION, DISTRIBUTION, ETC. | |
| Place of publication, distribution, etc. | Coventry |
| Name of publisher, distributor, etc. | RICS |
| Date of publication, distribution, etc. | 2011 |
| 490 #0 - SERIES STATEMENT | |
| Series statement | RICS Guidance Note |
| 490 #0 - SERIES STATEMENT | |
| Series statement | RICS Practice Standards, Global |
| 520 ## - SUMMARY, ETC. | |
| Summary, etc. | The RICS Real Estate Agency and Brokerage Standards provide best practice guidance for real estate agents and brokers in all world regions. Their purpose is to ensure that clients receive objective advice, delivered in a professional manner that is consistent with internationally recognised standards. The standards set a framework for best practice in the execution and delivery of real estate agency services, subject to specific local legislative requirements and local market specifics. Effective from 1 July 2011. |
| 590 ## - LOCAL NOTE (RLIN) | |
| Local note | KA |
| 651 #4 - SUBJECT ADDED ENTRY--GEOGRAPHIC NAME | |
| Geographic name | International |
| 690 ## - LOCAL SUBJECT ADDED ENTRY--TOPICAL TERM (OCLC, RLIN) | |
| Topical term or geographic name as entry element | PROPERTY-ACQUISITION AND DISPOSAL OF PROPERTY |
| 856 41 - ELECTRONIC LOCATION AND ACCESS | |
| Uniform Resource Identifier | <a href="https://www.rics.org/Global/real_estate_agency_and_brokerage_standards_french_dwl.pdf">https://www.rics.org/Global/real_estate_agency_and_brokerage_standards_french_dwl.pdf</a> |
| Public note | View the guidance note free of charge (member-only content) at www.rics.org |
| 942 ## - ADDED ENTRY ELEMENTS (KOHA) | |
| Suppress in OPAC | 0 |
| Withdrawn status | Lost status | Source of classification or shelving scheme | Damaged status | Not for loan | Home library | Current library | Shelving location | Date acquired | Total Checkouts | Full call number | Barcode | Date last seen | Copy number | Price effective from | Koha item type |
|---|---|---|---|---|---|---|---|---|---|---|---|---|---|---|---|
| Dewey Decimal Classification | Virtual | Virtual | Online | 16/05/2013 | ONLINE PUBLICATION | 157796-2001 | 06/08/2019 | 1 | 06/08/2019 | Book |